Ethel Cain - Sun Bleached Flies - Statistics

General Stats
  • This quiz has been taken 270 times
  • The average score is 334 of 388
Answer Stats
Answer % Correct
i
99%
I
99%
Sun
99%
bleached
98%
flies
98%
in
98%
the
98%
when
98%
a
97%
be
97%
to
96%
and
95%
if
94%
it
94%
me
94%
me)
94%
but
93%
for
93%
then
93%
you
93%
all
92%
they
92%
will
92%
how
91%
(how
91%
its
91%
meant
91%
no
91%
on
91%
so
91%
that
91%
as
90%
go
90%
save
90%
sitting
90%
windows
89%
God
88%
god
88%
of
88%
about
87%
daddy
87%
day
87%
end
87%
enough
87%
loves
87%
my
87%
not
87%
singing
87%
their
87%
this
87%
twice
87%
waiting
87%
what
87%
baby
86%
cause
86%
church
86%
give
86%
hard
86%
hit
86%
sunday
86%
talk
86%
would
86%
just
85%
praying
85%
raised
85%
thats
85%
wouldnt
85%
back
83%
care
83%
em
83%
escape
83%
girl
83%
house
83%
money
83%
nebraska
83%
yourself
83%
always
82%
choir
82%
still
82%
are
81%
good
81%
heart
81%
taking
81%
windowsill
81%
listening
80%
luck
80%
strike
80%
was
80%
keep
79%
know
79%
once
79%
one
79%
we
79%
coming
78%
poison
78%
said
78%
babies
77%
changing
77%
comes
77%
can
76%
breathing
75%
by
75%
fine
75%
forgive
75%
prayed
75%
him
72%
believe
71%
heartfelt
71%
knew
71%
less
71%
there
71%
told
71%
goes
70%
met
70%
shows
70%
watching
70%
break
69%
more
69%
theyre
69%
time
69%
up
69%
hurts
68%
while
68%
highway
67%
home
67%
im
67%
life
67%
never
67%
sidelines
67%
why
67%
cant
66%
edge
66%
fall
66%
fight
65%
dont
64%
from
64%
let
64%
feel
63%
out
63%
put
63%
spend
63%
think
63%
town
63%
gave
62%
mind
62%
paint
62%
tried
62%
broken
60%
like
60%
weight
60%
open
59%
i've
58%
somethings
58%
under
57%
want
56%
with
55%
now
54%
dancing
52%
bend
50%
far
50%
No matching quizzes found
Score Distribution
Percent of People with Each Score
Percentile by Number Answered
Your Score History
You have not taken this quiz